000 00308nam a22001457a 4500
008 231124b ||||| |||| 00| 0 eng d
020 _a9780802077417
041 _aeng
080 _a618
082 _a618KEL
100 _a15
101 _aGJINEK
245 _aABORTING LAW
_cKELLOUGH.G
942 _2udc
_cBK
999 _c60522
_d60522